[Event "1st Hainan Open 2016"]
[Site "Danzhou CHN"]
[Date "2016.12.08"]
[Round "2.6"]
[White "Sandipan, Chanda"]
[Black "Liu, Guanchu"]
[Result "1/2-1/2"]
[WhiteTitle "GM"]
[BlackTitle "IM"]
[WhiteElo "2593"]
[BlackElo "2418"]
[WhiteFideId "5004225"]
[BlackFideId "8603901"]
[EventDate "2016.12.07"]

1. d4 f5 2. Nf3 Nf6 3. Bf4 g6 4. Nc3 Bg7 5. Qd3 O-O 6. Qc4+ d5 7. Qxc7 Qe8 8.
Qe5 Nc6 9. Qe3 Nb4 10. Rc1 Ne4 11. a3 Nxc3 12. axb4 Na2 13. Rd1 Nxb4 14. Qb3 Qb5
15. e4 Nd3+ 16. Rxd3 Qxb3 17. Rxb3 fxe4 18. Be5 exf3 19. Bxg7 Kxg7 20. gxf3 Rf4
21. Re3 Kf6 22. c3 1/2-1/2

[Event "1st Hainan Open 2016"]
[Site "Danzhou CHN"]
[Date "2016.12.08"]
[Round "2.7"]
[White "Zhao, Zong-Yuan"]
[Black "Nguyen, Thi Mai Hung"]
[Result "1-0"]
[WhiteTitle "GM"]
[BlackTitle "WGM"]
[WhiteElo "2544"]
[BlackElo "2357"]
[WhiteFideId "3202534"]
[BlackFideId "12401676"]
[EventDate "2016.12.07"]

1. e4 e6 2. d4 d5 3. Nc3 Nf6 4. e5 Nfd7 5. f4 c5 6. Nf3 Nc6 7. Be3 Be7 8. Qd2
O-O 9. dxc5 Bxc5 10. Bxc5 Nxc5 11. O-O-O a6 12. Qe3 Qb6 13. Kb1 Na4 14. Qxb6
Nxb6 15. Bd3 Bd7 16. g3 Rad8 17. Rhe1 h6 18. Ne2 Nb4 19. Ned4 Nxd3 20. cxd3 Rc8
21. h4 Rfe8 22. g4 Na4 23. f5 exf5 24. gxf5 Nc5 25. Re3 Rc7 26. h5 Kh7 27. Rg1
Rg8 28. Nh2 Be8 29. Reg3 f6 30. exf6 Rf7 31. fxg7 Rgxg7 32. Rg6 Rd7 33. Ng4 Rxg6
34. fxg6+ Kh8 35. Nf6 1-0

[Event "1st Hainan Open 2016"]
[Site "Danzhou CHN"]
[Date "2016.12.08"]
[Round "2.8"]
[White "Batchuluun, Tsegmed"]
[Black "Rapport, Jovana"]
[Result "1-0"]
[WhiteTitle "GM"]
[BlackTitle "WGM"]
[WhiteElo "2521"]
[BlackElo "2341"]
[WhiteFideId "4900847"]
[BlackFideId "937266"]
[EventDate "2016.12.07"]

1. d4 Nf6 2. c4 c5 3. d5 g6 4. Nc3 Bg7 5. e4 d6 6. Nf3 O-O 7. h3 e6 8. Bd3 Nbd7
9. O-O e5 10. a3 Nh5 11. Re1 Nf4 12. Bf1 Nf6 13. Kh2 g5 14. g3 Nxh3 15. Bxh3 g4
16. Bg2 gxf3 17. Bxf3 Qd7 18. Rh1 Ne8 19. Kg2 f5 20. exf5 Qxf5 21. Be3 Nf6 22.
Rh4 Rf7 23. Ne4 Bf8 24. Qe2 Be7 25. Rah1 Bd7 26. Nxf6+ Qxf6 27. Be4 Bf5 28. Qc2
Bxe4+ 29. Qxe4 Qh8 30. Rg4+ Kf8 31. b4 b6 32. bxc5 bxc5 33. Bxc5 h5 34. Be3 Qh7
35. Rg6 Ke8 36. Qb1 Rc8 37. c5 1-0

[Event "1st Hainan Open 2016"]
[Site "Danzhou CHN"]
[Date "2016.12.08"]
[Round "2.9"]
[White "Peng, Xiongjian"]
[Black "Fang, Yuxiang"]
[Result "1-0"]
[BlackTitle "IM"]
[WhiteElo "2362"]
[BlackElo "2510"]
[WhiteFideId "8610550"]
[BlackFideId "8605840"]
[EventDate "2016.12.07"]

1. e4 e6 2. d4 d5 3. exd5 exd5 4. Bd3 Nc6 5. c3 Bd6 6. Nf3 Bg4 7. O-O Qd7 8.
Nbd2 Nge7 9. b4 a6 10. Qc2 Bf5 11. Re1 O-O 12. Nb3 b6 13. a4 Bxd3 14. Qxd3 a5
15. b5 Nd8 16. Ne5 Bxe5 17. dxe5 Ne6 18. Ba3 Rfd8 19. Nd4 c5 20. bxc6 Nxc6 21.
Nb5 Nc5 22. Qe3 Nxa4 23. Bd6 Nc5 24. Nc7 Ne4 25. Nxa8 Rxa8 26. Rad1 Nxd6 27.
exd6 d4 28. cxd4 Qxd6 29. d5 Nb4 30. Qe7 Qxe7 31. Rxe7 a4 32. d6 Kf8 33. Re4 Nc6
34. d7 Rd8 35. Rde1 f5 36. Re8+ Kf7 37. Rxd8 Nxd8 38. Re8 1-0

[Event "1st Hainan Open 2016"]
[Site "Danzhou CHN"]
[Date "2016.12.08"]
[Round "2.10"]
[White "Tan, Zhongyi"]
[Black "Zhang, Ruixiang"]
[Result "1-0"]
[WhiteTitle "WGM"]
[WhiteElo "2496"]
[BlackElo "1908"]
[WhiteFideId "8603642"]
[BlackFideId "8617600"]
[EventDate "2016.12.07"]

1. d4 d5 2. c4 e6 3. Nf3 Nf6 4. Nc3 Be7 5. Bg5 O-O 6. e3 h6 7. Bxf6 Bxf6 8. Qc2
c6 9. O-O-O Nd7 10. h4 Qe7 11. g4 g6 12. g5 hxg5 13. hxg5 Bg7 14. Bd3 dxc4 15.
Bxc4 b5 16. Bd3 Bb7 17. Be4 Nb6 18. Ne5 c5 19. Nxg6 fxg6 20. Bxb7 Qxb7 21. Qxg6
Rf5 22. dxc5 Rxc5 23. Rh4 Qc7 24. Rdh1 Rxc3+ 25. Kb1 Rc1+ 26. Rxc1 Qe5 27. Qh7+
Kf8 28. Rf4+ Ke7 29. Rf6 Qxg5 30. Rg6 Qf5+ 31. Ka1 1-0

[Event "1st Hainan Open 2016"]
[Site "Danzhou CHN"]
[Date "2016.12.08"]
[Round "2.11"]
[White "Zhao, Yuanhe"]
[Black "Yermolinsky, Alex"]
[Result "1/2-1/2"]
[BlackTitle "GM"]
[WhiteElo "2351"]
[BlackElo "2486"]
[WhiteFideId "8609497"]
[BlackFideId "2005492"]
[EventDate "2016.12.07"]

1. d4 Nf6 2. c4 g6 3. Nc3 d5 4. Bf4 Bg7 5. e3 O-O 6. cxd5 Nxd5 7. Nxd5 Qxd5 8.
Bxc7 Na6 9. Bxa6 Qxg2 10. Qf3 Qxf3 11. Nxf3 bxa6 12. Rc1 f6 13. Rg1 Rf7 14. Ke2
Bb7 15. Rc5 e6 16. a3 Re8 17. h4 Rd7 18. Rgc1 Bf8 19. R5c3 Rd5 20. b4 Rh5 21.
Ba5 Bd6 22. Bc7 Bf8 23. Ba5 Bd6 24. Bc7 1/2-1/2

[Event "1st Hainan Open 2016"]
[Site "Danzhou CHN"]
[Date "2016.12.08"]
[Round "2.12"]
[White "Song, Yuxin"]
[Black "Tsydypov, Zhamsaran"]
[Result "0-1"]
[WhiteTitle "WCM"]
[BlackTitle "IM"]
[WhiteElo "1765"]
[BlackElo "2460"]
[WhiteFideId "8614300"]
[BlackFideId "4108566"]
[EventDate "2016.12.07"]

1. e4 d6 2. d4 Nf6 3. Nc3 e5 4. dxe5 dxe5 5. Qxd8+ Kxd8 6. Nf3 Bd6 7. Bc4 Ke8 8.
O-O a6 9. a4 Nbd7 10. Be3 b6 11. Nd2 Bb7 12. f3 c6 13. Nb3 Ke7 14. Rfd1 Rhf8 15.
g4 Ne8 16. Kf2 Bc7 17. a5 b5 18. Nc5 Nxc5 19. Bxc5+ Bd6 20. Bxd6+ Nxd6 21. Be2
Bc8 22. Na2 h5 23. h3 hxg4 24. hxg4 Rh8 25. Kg3 Be6 26. Nb4 Rhc8 27. Nd3 Bc4 28.
Nc1 Rd8 29. b3 Bxe2 30. Nxe2 Nb7 31. b4 Nd6 32. Rd3 Nc4 33. Rad1 Rxd3 34. Rxd3
Rc8 35. Nc3 Na3 36. Rd2 Rd8 37. Re2 Rd4 38. Na2 Rd1 39. Kf2 Rh1 40. Kg2 Ra1 41.
c3 Kf6 42. Kf2 Kg5 43. Kg3 Nc4 44. Rh2 Ne3 45. Re2 Nf1+ 46. Kf2 Kf4 47. c4 Ne3
48. Rd2 Nxc4 49. Rc2 Ne3 50. Rd2 Rh1 51. Ke2 Nc4 52. Rc2 Rh2+ 53. Kd3 Rh3 54.
Rf2 Rxf3+ 55. Ke2 Rxf2+ 56. Kxf2 Nd6 57. Nc1 Kxe4 58. Ne2 g6 59. Ng3+ Kd4 60.
Ne2+ Kc4 61. Nc1 f5 62. gxf5 gxf5 63. Ke3 Kxb4 64. Nd3+ Kxa5 65. Nxe5 Nc4+ 66.
Kd4 Nxe5 67. Kxe5 b4 68. Kxf5 b3 69. Ke5 b2 70. Kd6 Kb5 71. Ke5 a5 72. Kd4 a4
73. Ke5 c5 74. Kd5 a3 75. Ke5 Kb4 76. Kd5 c4 77. Kd4 c3 78. Kd3 Kb3 79. Kd4 a2
80. Ke5 c2 81. Kd4 a1=Q 82. Ke4 b1=Q 83. Kf4 c1=B+ 84. Kg4 Qe4+ 85. Kg3 Qg7+ 86.
Kf2 Qgg2# 0-1

[Event "1st Hainan Open 2016"]
[Site "Danzhou CHN"]
[Date "2016.12.08"]
[Round "2.13"]
[White "Zhao, Shengxin"]
[Black "Werle, Jan"]
[Result "1/2-1/2"]
[WhiteTitle "WFM"]
[BlackTitle "GM"]
[WhiteElo "2020"]
[BlackElo "2560"]
[WhiteFideId "8608040"]
[BlackFideId "1006088"]
[EventDate "2016.12.07"]

1. d4 Nf6 2. c4 e6 3. g3 d5 4. Bg2 Bb4+ 5. Bd2 Be7 6. Nf3 O-O 7. O-O Nbd7 8. Qc2
Ne4 9. Be1 c6 10. Nfd2 f5 11. f3 Nxd2 12. Nxd2 Nf6 13. Bf2 Bd7 14. e4 dxe4 15.
fxe4 Ng4 16. Nf3 c5 17. exf5 Rxf5 18. Bh3 h5 19. Ne5 Rxf2 20. Rxf2 Nxf2 21. Qxf2
Bf6 22. Qe2 Bxe5 23. Qxe5 cxd4 24. Bxe6+ Bxe6 25. Qxe6+ Kh8 26. Qe5 d3 27. Qxh5+
Kg8 28. Qd5+ Qxd5 29. cxd5 Rd8 30. Rd1 Rxd5 31. Kf2 Ra5 32. a3 Rb5 33. b4 a5 34.
Rb1 axb4 35. Rxb4 Rh5 36. h4 Rd5 37. Ke1 d2+ 38. Kd1 Rd3 39. a4 Rxg3 40. Kxd2
Ra3 41. Ke2 Kh7 42. Kf2 Kh6 43. Rxb7 Rxa4 44. Kg3 Ra3+ 45. Kg4 Ra4+ 46. Kg3 Ra3+ 1/2-1/2

[Event "1st Hainan Open 2016"]
[Site "Danzhou CHN"]
[Date "2016.12.08"]
[Round "2.14"]
[White "Zhou, Jianchao"]
[Black "Huang, Renjie"]
[Result "1-0"]
[WhiteTitle "GM"]
[WhiteElo "2632"]
[BlackElo "2158"]
[WhiteFideId "8603537"]
[BlackFideId "8610134"]
[EventDate "2016.12.07"]

1. d4 d5 2. c4 e6 3. Nc3 Nf6 4. cxd5 exd5 5. Bg5 c6 6. e3 Nbd7 7. Bd3 Be7 8.
Nge2 O-O 9. Qc2 Re8 10. f3 Nf8 11. O-O h6 12. Bh4 Be6 13. Kh1 Rc8 14. Rad1 c5
15. dxc5 Rxc5 16. Nf4 Qc8 17. Qb1 Qb8 18. Nxe6 Nxe6 19. Bxf6 Bxf6 20. Nxd5 Qe5
21. f4 Qxd5 22. Bh7+ Kh8 23. Rxd5 Rxd5 24. e4 Rd2 25. e5 Be7 26. Bf5 Red8 27.
Bxe6 fxe6 28. h3 Bc5 29. Qg6 Rxb2 30. Qxe6 Rb6 31. Qf7 Rd2 32. f5 Rbb2 33. Qe8+
Kh7 34. Qg6+ Kg8 35. f6 Rxg2 36. f7+ Kf8 37. Qxg2 Rxg2 38. Kxg2 a5 39. e6 a4 40.
Rf4 a3 41. Ra4 g5 42. Ra8+ Kg7 43. Rg8+ 1-0

[Event "1st Hainan Open 2016"]
[Site "Danzhou CHN"]
[Date "2016.12.08"]
[Round "2.15"]
[White "Kulkarni, Bhakti"]
[Black "Xu, Yinglun"]
[Result "0-1"]
[WhiteTitle "CM"]
[WhiteElo "2281"]
[BlackElo "2535"]
[WhiteFideId "5019516"]
[BlackFideId "8604940"]
[EventDate "2016.12.07"]

1. d4 Nf6 2. c4 e6 3. Nc3 d5 4. Nf3 Be7 5. Bf4 c6 6. e3 Nh5 7. c5 Nxf4 8. exf4
b6 9. b4 Qc7 10. g3 O-O 11. Bd3 a5 12. a3 Ba6 13. O-O Bxd3 14. Qxd3 Nd7 15. Rfe1
Bf6 16. Ne5 Bxe5 17. fxe5 Ra7 18. Rec1 Rfa8 19. cxb6 Qxb6 20. b5 a4 21. bxc6
Qxc6 22. Nb5 Qa6 23. Qf1 Rb7 24. Nd6 Qxf1+ 25. Kxf1 Rb3 26. Rc7 Nb6 27. Nxf7 Nc4
28. Nd6 Nb6 29. Nf7 Nc4 30. Nd6 Nxa3 31. Kg2 Nb5 32. Re7 Nc3 33. Re1 a3 34. Re3
a2 35. Rf3 a1=Q 36. Rff7 Qb1 37. Rxg7+ Kh8 38. Rg5 Qg6 39. Rxg6 hxg6 40. Rxe6
Rb2 41. Nf7+ Kg7 42. Re7 Ne4 43. Nd6+ Kf8 44. Rf7+ Kg8 45. Rf4 Nxd6 46. exd6 Kg7 0-1

[Event "1st Hainan Open 2016"]
[Site "Danzhou CHN"]
[Date "2016.12.08"]
[Round "2.16"]
[White "Hamitevici, Vladimir"]
[Black "Li, Yankai"]
[Result "1-0"]
[WhiteTitle "IM"]
[WhiteElo "2477"]
[BlackElo "2324"]
[WhiteFideId "13902393"]
[BlackFideId "8609357"]
[EventDate "2016.12.07"]

1. d4 Nf6 2. Nf3 e6 3. e3 b6 4. Bd3 Bb7 5. O-O d5 6. c4 Bd6 7. cxd5 exd5 8. b3
Qe7 9. Nc3 a6 10. Bb2 Nbd7 11. Bf5 O-O 12. Rc1 Rfe8 13. Ne2 Ne4 14. Nf4 Ndf6 15.
Nd3 g6 16. Bh3 Rad8 17. g3 h5 18. Bg2 c5 19. Nfe5 a5 20. f3 Ng5 21. h4 Ne6 22.
Bh3 Ba8 23. Rc2 a4 24. f4 cxd4 25. exd4 a3 26. Ba1 Ng7 27. f5 Ne4 28. fxg6 f6
29. Qc1 fxe5 30. Qh6 Nf5 31. Bxf5 Qg7 32. Qh7+ Qxh7 33. gxh7+ Kg7 34. dxe5 1-0

[Event "1st Hainan Open 2016"]
[Site "Danzhou CHN"]
[Date "2016.12.08"]
[Round "2.17"]
[White "Ushenina, Anna"]
[Black "Du, Yuxin"]
[Result "1-0"]
[WhiteTitle "GM"]
[WhiteElo "2459"]
[BlackElo "2103"]
[WhiteFideId "14110911"]
[BlackFideId "8610282"]
[EventDate "2016.12.07"]

1. e4 c6 2. c4 d5 3. cxd5 cxd5 4. exd5 Nf6 5. Qa4+ Nbd7 6. Nc3 g6 7. Bc4 Bg7 8.
d3 O-O 9. Nf3 a6 10. Qa3 b6 11. O-O Bb7 12. Re1 Re8 13. Ng5 b5 14. Bb3 Nb6 15.
d6 e6 16. Nge4 Nxe4 17. Nxe4 Bxe4 18. dxe4 Be5 19. Rd1 Qh4 20. g3 Qxe4 21. d7
Red8 22. Qe7 Bd4 23. Rxd4 Qxd4 24. Be3 Qxd7 25. Qh4 Nd5 26. Bg5 f6 27. Bh6 Qf7
28. Re1 Rac8 29. Qe4 Re8 30. h4 Kh8 31. Qd4 a5 32. a3 a4 33. Ba2 Kg8 34. Bb1 Rc4
35. Qd3 Rec8 36. Ba2 R4c5 37. Bd2 R8c7 38. Kh2 Kg7 39. Re4 Qd7 40. h5 Ne7 41.
h6+ Kf8 42. Rd4 Rh5+ 43. Kg2 Qc6+ 44. f3 Nd5 45. g4 Re5 46. Kg3 Qc2 47. Qxb5 Kf7
48. f4 Re4 49. Rxd5 exd5 50. Qxd5+ Ke8 51. Qg8+ Kd7 52. Qd5+ Kc8 53. Qa8+ Kd7
54. Qd5+ Kc8 55. Qa8+ Kd7 56. Qd5+ Kc8 1-0

[Event "1st Hainan Open 2016"]
[Site "Danzhou CHN"]
[Date "2016.12.08"]
[Round "2.18"]
[White "Nie, Xinyang"]
[Black "Gusain, Himal"]
[Result "0-1"]
[WhiteElo "2239"]
[BlackElo "2448"]
[WhiteFideId "8607222"]
[BlackFideId "5033861"]
[EventDate "2016.12.07"]

1. d4 e6 2. Nf3 c5 3. c3 d5 4. Bf4 Bd6 5. Bg3 Nf6 6. e3 O-O 7. Bd3 Nc6 8. Nbd2
b6 9. Qe2 Re8 10. e4 e5 11. Bb5 Bd7 12. dxc5 bxc5 13. exd5 e4 14. Ng5 Bg4 15.
Qc4 Bxg3 16. hxg3 Ne5 17. Bxe8 Nxc4 18. Bxf7+ Kf8 19. Nxc4 Nxd5 20. Bxd5 Qxd5
21. Nxh7+ Kg8 22. Ne3 Qe6 23. Rh4 Bf5 24. Ng5 Qg6 25. Rf4 Rf8 26. Nh3 Bc8 27.
Rxf8+ Kxf8 28. O-O-O Qf6 29. Nf4 g5 30. Nfd5 Qf7 31. c4 Kg7 32. Rd2 Be6 33. Kc2
Kg6 34. b3 Bc8 35. Nc3 Qe7 36. Re2 Qe5 37. Rd2 Qe7 38. g4 Qe5 39. g3 Be6 40. Rd8
Qf6 41. Rd2 Qe5 42. Re2 Qd4 43. Kb2 Qd3 44. Nc2 Bxg4 45. Re3 Qf1 46. Nxe4 Bf5
47. f3 Qg2 48. Kc3 g4 49. Nd2 Qg1 50. Re2 Qd1 0-1

[Event "1st Hainan Open 2016"]
[Site "Danzhou CHN"]
[Date "2016.12.09"]
[Round "3.1"]
[White "Batchuluun, Tsegmed"]
[Black "Yu, Yangyi"]
[Result "1/2-1/2"]
[WhiteTitle "GM"]
[BlackTitle "GM"]
[WhiteElo "2521"]
[BlackElo "2729"]
[WhiteFideId "4900847"]
[BlackFideId "8603820"]
[EventDate "2016.12.07"]

1. d4 f5 2. g3 Nf6 3. Bg2 g6 4. Nf3 Bg7 5. O-O O-O 6. c4 d6 7. Nc3 c6 8. Re1 Na6
9. b3 Rb8 10. Bb2 b5 11. cxb5 cxb5 12. d5 Bd7 13. a3 Qb6 14. e3 Nc5 15. b4 Nce4
16. Nxe4 Nxe4 17. Bxg7 Kxg7 18. Rc1 Rbc8 19. Nd2 Nf6 20. Qb3 Rc7 21. Qb2 Rfc8
22. Nb3 Kf7 23. Rxc7 Qxc7 24. Rc1 Qb7 25. Na5 Rxc1+ 26. Qxc1 Qb6 27. Qc3 a6 28.
h4 Ke8 29. Kf1 Kd8 30. Ke2 Be8 31. Kd3 Ng4 32. Ke2 Nf6 33. Kd3 Bf7 34. Qc6 Qxc6
35. Nxc6+ Kd7 36. Kd4 Be8 37. Bf3 h6 38. Bg2 Bf7 39. Nb8+ Kc7 40. Nc6 Kd7 41.
Nb8+ Kc7 1/2-1/2

[Event "1st Hainan Open 2016"]
[Site "Danzhou CHN"]
[Date "2016.12.09"]
[Round "3.2"]
[White "Rapport, Richard"]
[Black "Tan, Zhongyi"]
[Result "1/2-1/2"]
[WhiteTitle "GM"]
[BlackTitle "WGM"]
[WhiteElo "2717"]
[BlackElo "2496"]
[WhiteFideId "738590"]
[BlackFideId "8603642"]
[EventDate "2016.12.07"]

1. e4 c5 2. Nc3 Nc6 3. Bb5 d6 4. Bxc6+ bxc6 5. f4 g6 6. Nf3 Bg7 7. d3 Nf6 8. O-O
O-O 9. Qe1 Nd7 10. Kh1 e5 11. f5 gxf5 12. Nh4 f4 13. g3 c4 14. Nf5 cxd3 15. gxf4
Nc5 16. Nxg7 Kxg7 17. b4 Nd7 18. cxd3 Ba6 19. fxe5 Nxe5 20. Rf5 Kh8 21. d4 Nd3
22. Qd2 Qh4 23. Ba3 Bc4 24. Rf3 Rae8 25. Rxd3 Bxd3 26. Qxd3 f5 27. e5 dxe5 28.
dxe5 Rxe5 29. Rg1 Rd8 30. Qc2 Re1 31. Ne2 Rxg1+ 32. Kxg1 Rg8+ 33. Ng3 Rxg3+ 34.
hxg3 Qxg3+ 35. Kf1 Qh3+ 36. Kg1 Qxa3 37. Qxc6 Qxa2 38. Qf6+ Kg8 39. Qg5+ Kf8 40.
Qxf5+ Qf7 41. Qc8+ Kg7 42. Qc3+ Kg8 43. Qc8+ Qf8 44. Qc4+ Kh8 45. Qc5 Qg7+ 46.
Kh2 Qh6+ 47. Kg3 Qg6+ 48. Kh2 h6 49. Qxa7 Qd6+ 50. Kg2 Qxb4 1/2-1/2

[Event "1st Hainan Open 2016"]
[Site "Danzhou CHN"]
[Date "2016.12.09"]
[Round "3.3"]
[White "Wen, Yang"]
[Black "Peng, Xiongjian"]
[Result "1-0"]
[WhiteTitle "GM"]
[WhiteElo "2607"]
[BlackElo "2362"]
[WhiteFideId "8602956"]
[BlackFideId "8610550"]
[EventDate "2016.12.07"]

1. d4 Nf6 2. Bf4 g6 3. Nf3 Bg7 4. c3 d6 5. h3 b6 6. e3 Bb7 7. Be2 Nbd7 8. O-O
O-O 9. a4 a6 10. Bh2 Re8 11. Nbd2 e5 12. Qb3 Ne4 13. Rfd1 Qe7 14. Nxe4 Bxe4 15.
Nd2 Bb7 16. Bf3 Bxf3 17. Nxf3 Qe6 18. Qxe6 Rxe6 19. a5 b5 20. Rac1 Ra7 21. dxe5
Bxe5 22. Nd4 Bxd4 23. exd4 Nf6 24. Bf4 Kf8 25. Kf1 Nd5 26. Bh6+ Ke8 27. b3 Kd7
28. c4 Nf6 29. d5 Re8 30. Bg7 Ne4 31. cxb5 axb5 32. b4 f6 33. Bh6 g5 34. g4 Rg8
35. Rd4 Nxf2 36. Kxf2 Rg6 37. Re1 Rxh6 38. Rde4 Kc8 39. Kg3 Rg6 40. Re7 h6 41.
Rf7 Kb7 42. Ree7 Kb8 43. Re8+ Kb7 44. Rd8 Ra8 45. Rxd6 Rc8 46. Rb6+ Ka8 47. Rc6
Kb8 48. Rc5 Rgg8 49. Rxb5+ Ka8 50. Rxf6 Ka7 51. Rc5 Rge8 52. Re6 Rf8 53. Rec6
Rf7 54. Rc3 Rd7 55. d6 1-0

[Event "1st Hainan Open 2016"]
[Site "Danzhou CHN"]
[Date "2016.12.09"]
[Round "3.4"]
[White "Tsydypov, Zhamsaran"]
[Black "Zhao, Zong-Yuan"]
[Result "1/2-1/2"]
[WhiteTitle "IM"]
[BlackTitle "GM"]
[WhiteElo "2460"]
[BlackElo "2544"]
[WhiteFideId "4108566"]
[BlackFideId "3202534"]
[EventDate "2016.12.07"]

1. e4 c5 2. Nf3 e6 3. d4 cxd4 4. Nxd4 Nc6 5. Nc3 Qc7 6. Be2 a6 7. O-O b5 8. Be3
Bb7 9. Re1 Nf6 10. Nb3 d6 11. a3 Ne5 12. Qd4 Be7 13. f3 O-O 14. Qb6 Qc8 15. Na5
Bd8 16. Qxb7 Bxa5 17. Qxc8 Rfxc8 18. Bd2 Nc4 19. Bxc4 Rxc4 20. Rad1 Rac8 21. Kf1
h6 22. Re2 Bb6 23. Be1 Ne8 24. Rd3 Kf8 25. Red2 Ba5 26. Re2 Bb6 27. Bd2 Ke7 28.
Ke1 Nf6 29. Kd1 Rd4 30. Na2 Nd7 31. Bc3 Rxd3+ 32. cxd3 Nc5 33. Bxg7 Nxd3 34. Rd2
Rg8 35. Bxh6 Nf2+ 36. Kc2 Rxg2 37. Bf4 Rg8 38. Bxd6+ Kf6 39. Bg3 Nh1 40. Bf4 Rh8
41. Nb4 Rh3 42. Rd6 Bc5 43. Nd5+ Kg6 44. Rxa6 Rxf3 45. Bd2 Nf2 46. Nc3 b4 47.
axb4 Bxb4 48. Ra4 Nd3 49. Ra8 Nc5 50. Rg8+ Kh5 51. e5 Rf2 52. Kd1 Bxc3 53. bxc3
Ne4 54. Be1 Rf5 55. Bg3 Nxc3+ 56. Kc2 Ne4 57. Rf8 Nxg3 58. hxg3 Kg6 59. Rg8+ Kh6
60. Kd3 Rxe5 61. Rh8+ Kg6 62. Rh4 Kg5 63. Rh7 f5 64. Rg7+ Kf6 65. Rg8 Re4 66.
Rh8 Ke5 67. Rh1 Kf6 68. Rh8 Rg4 69. Rh3 Re4 70. Rh8 Ke7 71. Rh7+ Kd6 72. Rh1 Kd5
73. Rh8 Rg4 74. Rh3 e5 75. Ke2 Ra4 76. Rh5 Ra2+ 77. Ke3 Ra3+ 78. Ke2 Ke4 79.
Rh4+ f4 80. gxf4 exf4 81. Rh8 Ra2+ 82. Kf1 Ke3 83. Re8+ Kf3 84. Kg1 Ra1+ 85. Kh2
Kf2 86. Rb8 Rd1 87. Rb2+ Ke3 88. Kh3 f3 89. Rb3+ Ke2 90. Kg3 Rg1+ 91. Kf4 f2 92.
Rb2+ Ke1 93. Rb1+ Ke2 94. Rb2+ Ke1 95. Rb1+ Kd2 96. Rb2+ Ke1 1/2-1/2

[Event "1st Hainan Open 2016"]
[Site "Danzhou CHN"]
[Date "2016.12.09"]
[Round "3.5"]
[White "Gusain, Himal"]
[Black "Zhou, Jianchao"]
[Result "1/2-1/2"]
[BlackTitle "GM"]
[WhiteElo "2448"]
[BlackElo "2632"]
[WhiteFideId "5033861"]
[BlackFideId "8603537"]
[EventDate "2016.12.07"]

1. e4 c5 2. Nf3 e6 3. d4 cxd4 4. Nxd4 Nc6 5. Nc3 Qc7 6. Be3 a6 7. Be2 Nf6 8. O-O
Be7 9. f4 d6 10. Kh1 O-O 11. Qe1 Nxd4 12. Bxd4 b5 13. a3 Nd7 14. Qg3 Bf6 15.
Rad1 Bb7 16. Bxf6 Nxf6 17. Rd4 Rad8 18. Rfd1 Rd7 19. Qe3 Bc6 20. Bf3 Rfd8 21. f5
exf5 22. exf5 Re8 23. Qf2 Bxf3 24. Qxf3 Rde7 25. Rf1 Qc5 26. Qd1 Re5 27. h3 Nh5
28. Rd3 Rxf5 29. Rxf5 Qxf5 30. Rxd6 Ng3+ 31. Kh2 Qf4 32. Rd8 Ne4+ 33. Kg1 Qe3+
34. Kh2 Nxc3 35. Qd7 Qe5+ 36. Kh1 Qe1+ 37. Kh2 Qe5+ 38. Kh1 Kf8 39. bxc3 Qe1+
40. Kh2 Qe5+ 41. Kh1 Qe1+ 42. Kh2 Qe5+ 43. Kh1 1/2-1/2

[Event "1st Hainan Open 2016"]
[Site "Danzhou CHN"]
[Date "2016.12.09"]
[Round "3.6"]
[White "Lu, Shanglei"]
[Black "Dai, Changren"]
[Result "0-1"]
[WhiteTitle "GM"]
[WhiteElo "2627"]
[BlackElo "2436"]
[WhiteFideId "8603332"]
[BlackFideId "8608156"]
[EventDate "2016.12.07"]

1. e4 e5 2. Bc4 Nf6 3. d3 Nc6 4. Nf3 Bc5 5. O-O d6 6. c3 Bb6 7. a4 a5 8. Re1 O-O
9. Nbd2 Ne7 10. Nf1 Ng6 11. Ng3 c6 12. Bb3 d5 13. d4 dxe4 14. Nxe4 Nxe4 15. Rxe4
exd4 16. Nxd4 Qf6 17. Qh5 h6 18. Bd2 c5 19. Nb5 Bf5 20. Re3 Rad8 21. Rf3 Nh4 22.
Be3 Nxf3+ 23. Qxf3 Qg6 24. h3 Rfe8 25. Bc4 Be4 26. Qg4 Qxg4 27. hxg4 Bc6 28. Be2
Rd7 29. Kf1 Re5 30. Na3 Bd8 31. Nc4 Re8 32. Bxc5 Bxg2+ 33. Kxg2 Rxe2 34. Be3 Rc7
35. b3 Rd7 36. Rc1 Ra2 37. Kf3 Kh7 38. Ne5 Re7 39. Nc4 Rd7 40. Ne5 Rd6 41. Nc4
Re6 42. Rd1 Bh4 43. Rd7 Bxf2 44. Bd2 Rf6+ 45. Ke2 b6 46. Kd3 Ra1 47. Nd6 Be1 48.
Ne8 Re6 49. Nc7 Rg6 50. Kd4 0-1

[Event "1st Hainan Open 2016"]
[Site "Danzhou CHN"]
[Date "2016.12.09"]
[Round "3.7"]
[White "Xu, Yi"]
[Black "Jumabayev, Rinat"]
[Result "1/2-1/2"]
[WhiteTitle "IM"]
[BlackTitle "GM"]
[WhiteElo "2430"]
[BlackElo "2611"]
[WhiteFideId "8605564"]
[BlackFideId "13702661"]
[EventDate "2016.12.07"]

1. e4 e5 2. Nf3 Nc6 3. Bc4 Bc5 4. O-O Nf6 5. d3 a6 6. a4 d6 7. c3 Ba7 8. Re1 Ne7
9. h3 Ng6 10. Nbd2 O-O 11. Nf1 c6 12. Bb3 d5 13. Bg5 h6 14. Be3 Bb8 15. Ng3 Re8
16. Qc2 Be6 17. Rad1 Qc8 18. Bc1 Bd6 19. d4 dxe4 20. Bxe6 Rxe6 21. Nxe4 Nxe4 22.
Qxe4 exd4 23. Qxd4 1/2-1/2

[Event "1st Hainan Open 2016"]
[Site "Danzhou CHN"]
[Date "2016.12.09"]
[Round "3.8"]
[White "Fang, Yan"]
[Black "Sandipan, Chanda"]
[Result "1/2-1/2"]
[BlackTitle "GM"]
[WhiteElo "2429"]
[BlackElo "2593"]
[WhiteFideId "8604746"]
[BlackFideId "5004225"]
[EventDate "2016.12.07"]

1. e4 c5 2. Nc3 d6 3. Nf3 Nf6 4. e5 dxe5 5. Nxe5 a6 6. Be2 Qc7 7. d4 e6 8. Be3
Be7 9. Bf3 O-O 10. Qe2 Nbd7 11. Nxd7 Bxd7 12. dxc5 Bxc5 13. Qc4 Rac8 14. Qxc5
Qxc5 15. Bxc5 Rxc5 16. Bxb7 Rb8 17. Bxa6 Rxb2 18. Kd2 Rb6 19. Bd3 Rbc6 20. Ne2
Ng4 21. f4 e5 22. fxe5 Nxe5 23. Rhb1 g6 24. Nd4 Rd6 25. Rb4 Nxd3 26. cxd3 Rh5
27. Nf3 Ra6 28. a4 1/2-1/2

[Event "1st Hainan Open 2016"]
[Site "Danzhou CHN"]
[Date "2016.12.09"]
[Round "3.9"]
[White "Xu, Yinglun"]
[Black "Liu, Yan"]
[Result "1/2-1/2"]
[BlackTitle "FM"]
[WhiteElo "2535"]
[BlackElo "2403"]
[WhiteFideId "8604940"]
[BlackFideId "8608962"]
[EventDate "2016.12.07"]

1. d4 Nf6 2. c4 e6 3. Nf3 Bb4+ 4. Nbd2 O-O 5. a3 Bxd2+ 6. Bxd2 d6 7. Qc2 Qe7 8.
Bc3 Nbd7 9. e4 e5 10. d5 Nc5 11. Nd2 Bd7 12. Be2 Na4 13. O-O c5 14. Ba5 b6 15.
b3 bxa5 16. bxa4 Rfb8 17. Rfb1 Qd8 18. Bd1 Rxb1 19. Rxb1 Rb8 20. Rxb8 Qxb8 21.
Qc3 Qc7 22. Bc2 Ne8 23. g3 f6 24. Kg2 g6 25. f3 Ng7 26. Kf2 Qb6 27. Ke1 Ne8 28.
Kd1 Nc7 29. Kc1 Na8 30. f4 Qc7 31. h4 Nb6 32. Nb3 1/2-1/2